Statistics for U.S. States with NO Skyscrapers

Click here to take the quiz!

General Stats

  • This quiz has been taken 348 times
  • The average score is 16 of 19

Answer Stats

State% Correct
North Dakota
93%
South Dakota
93%
Idaho
92%
Alaska
91%
Montana
91%
Vermont
91%
Maine
90%
Wyoming
89%
New Hampshire
87%
Rhode Island
87%
Kansas
86%
New Mexico
84%
Mississippi
82%
West Virginia
82%
Hawaii
81%
Delaware
79%
Utah
79%
South Carolina
77%
Arizona
72%

Score Distribution

Percentile by Number Answered

Percent of People with Each Score

Your Score History

You have not taken this quiz